Statistics for Where Are They From - City #8

Click here to take the quiz!

General Stats

  • This quiz has been taken 28 times
  • The average score is 6 of 12

Answer Stats

HintAnswer% Correct
Chris Hemsworth, Cate Blanchett, Rupert Murdoch, Ben SimmonsMelbourne
88%
Chung Mong-gyu, John Cho, Jun Ji-hyun, Jennie KimSeoul
75%
Bruce Lee, Clint Eastwood, Steve Jobs, Natalie Wood,San Francisco
67%
Charlie Hunnam, Alan Shearer, Cheryl Tweedy, Peter Higgs Newcastle
63%
Rajinikanth, Prakash Padukone, Sanjay Khan, PriyamaniBangalore
54%
Li Na, Liu Yifei, Wang Shuang, Zhou Mi Wuhan
54%
Pablo Picasso, Antonio Banderas, Mabel, Alejandro Davidovich Fokina Malaga
50%
Richard Wagner, Gottfried Wilhelm Leibniz, Luz Long, Clara SchumannLeipzig
42%
Norm Macdonald, Pom Klementieff, Patrick Roy, Marc Garneau Quebec City
38%
Angelo Mathews, Ananda Coomaraswamy, Raadhika Sarathkumar, Jack Churchill Colombo
33%
Owen Wilson, Sharon Tate, Nick Jonas, Jordan Spieth Dallas
33%
Santiago Calatrava, Enrique Arce, José Enrique, Inma Cuesta Valencia
25%

Score Distribution

Percentile by Number Answered

Percent of People with Each Score

Your Score History

You have not taken this quiz